000
00324nam a22001457a 4500
003
SGT
082
_a
370
_b
F14S
100
_a
SOMAL, NEETA
245
_a
FUTURE CONSCIOUSNESS IN TEACHER UNDER TRAINING
250
_a
2ND
260
_a
NEW DELHI
_b
INDIAN PUB
_c
2014
300
_a
107
650
_a
EDUCATION
942
_2
ddc
_c
BK
999
_c
11717
_d
11717